|
|
|
|
| LEADER |
00000nam a22000007a 4500 |
| 005 |
20111003121831.0 |
| 008 |
111003s2009 cl |||||s|||| 00||0 spa d |
| 020 |
|
|
|a 978-956-10-1501-2
|
| 035 |
|
|
|a 5845
|
| 040 |
|
|
|a vLex
|
| 090 |
|
|
|c 2589
|d 2589
|
| 100 |
1 |
|
|a Thayer A., William
|
| 245 |
1 |
0 |
|a Manual de derecho del trabajo
|h [Recurso electrn̤ico] /
|c William Thayer A., Patricio Novoa Fuenzalida
|n Tomo IV
|p Derecho Individual de Trabajo (Continuacin̤) y Derecho Procesal del Trabajo
|
| 256 |
|
|
|a Servicio en ln̕ea.
|
| 260 |
|
|
|a [Chile] :
|b Editorial jurd̕ica de Chile,
|c 2009.
|
| 300 |
|
|
|a 1 recurso electrn̤ico
|
| 506 |
1 |
|
|a Contenido solo disponible en los productos indicados
|d vLex Global
|d vLex Global (Academic Edition, excluding Law Schools)
|d vLex Global (U.S. Academic Edition, Law Schools)
|d vLex Global (U.S. Academic Edition, excluding Law Schools)
|d vLex Global (Academic Edition, Law Schools)
|
| 650 |
0 |
4 |
|a Derecho de trabajo
|z Chile
|
| 700 |
1 |
|
|a Novoa Fuenzalida, Patricio
|
| 740 |
0 |
|
|a vLex Libros (Servicio en ln̕ea)
|
| 856 |
4 |
0 |
|u http://vlex.com/source/manual-derecho-trabajo-tomo-iv-derecho-individual-trabajo-derecho-procesal-trabajo-5845
|z Acceso restringido
|
| 942 |
|
|
|c BOOK
|